| 000 | 00487nam a2200193Ia 4500 | ||
|---|---|---|---|
| 001 | 619 | ||
| 003 | GE_BSU | ||
| 008 | 181216s||||||||xx |||||||||||||| ||und|| | ||
| 040 | _cGE_BSU | ||
| 100 | _aკუკავა, თამარ | ||
| 245 | _aესთეტიკა | ||
| 260 | _aთბილისი | ||
| 260 | _bთბილისის უნ–ტი | ||
| 260 | _c1997 | ||
| 300 | _a180 გვ. | ||
| 541 | _h6 ლ. | ||
| 653 | _aესთეტიკა; | ||
| 942 | _cBK | ||
| 999 |
_c34809 _d34809 |
||